মুক্তিযুদ্ধে চট্টগ্রামের নারী/ (Record no. 18125)
[ view plain ]
| 000 -LEADER | |
|---|---|
| fixed length control field | 00943nam a22002177a 4500 |
| 003 - CONTROL NUMBER IDENTIFIER | |
| control field | BDDh-ASL |
| 005 - DATE AND TIME OF LATEST TRANSACTION | |
| control field | 20231015025703.0 |
| 008 - FIXED-LENGTH DATA ELEMENTS--GENERAL INFORMATION | |
| fixed length control field | 200919b2010 ||||| |||| 00| 0 d |
| 020 ## - INTERNATIONAL STANDARD BOOK NUMBER | |
| International Standard Book Number | 9847028900964 |
| 040 ## - CATALOGING SOURCE | |
| Original cataloging agency | BDDh-ASL |
| Transcribing agency | BDDh-ASL |
| Modifying agency | BDDh-ASL |
| 041 ## - LANGUAGE CODE | |
| Language code of text/sound track or separate title | bengali |
| 082 ## - DEWEY DECIMAL CLASSIFICATION NUMBER | |
| Classification number | 954.9205 |
| Item number | SHM |
| 100 ## - MAIN ENTRY--PERSONAL NAME | |
| 9 (RLIN) | 966 |
| Personal name | শফী, বেগম মুশতারী |
| 245 1# - TITLE STATEMENT | |
| Title | মুক্তিযুদ্ধে চট্টগ্রামের নারী/ |
| Statement of responsibility, etc. | বেগম মুশতারী শফী। |
| 246 ## - VARYING FORM OF TITLE | |
| Title proper/short title | Muktijuddhe Chattagramer Nari. |
| 260 ## - PUBLICATION, DISTRIBUTION, ETC. | |
| Place of publication, distribution, etc. | ঢাকা: |
| Name of publisher, distributor, etc. | ইত্যাদি গ্রন্থ প্রকাশন, |
| Date of publication, distribution, etc. | ২০১০। |
| 300 ## - PHYSICAL DESCRIPTION | |
| Extent | ১৭৬ পৃষ্ঠা: |
| Other physical details | ছবি; |
| Dimensions | ২২ সে. মি.। |
| 600 ## - SUBJECT ADDED ENTRY--PERSONAL NAME | |
| Source of heading or term | চট্টগ্রাম |
| 650 #0 - SUBJECT ADDED ENTRY--TOPICAL TERM | |
| 9 (RLIN) | 967 |
| Topical term or geographic name entry element | চট্টগ্রামে নারী |
| General subdivision | মুক্তিযুদ্ধে নারী |
| 942 ## - ADDED ENTRY ELEMENTS (KOHA) | |
| Source of classification or shelving scheme | Dewey Decimal Classification |
| Koha item type | Books |
| Withdrawn status | Lost status | Source of classification or shelving scheme | Damaged status | Not for loan | Collection code | Home library | Current library | Shelving location | Date acquired | Source of acquisition | Total Checkouts | Full call number | Barcode | Date last seen | Copy number | Price effective from | Koha item type |
|---|---|---|---|---|---|---|---|---|---|---|---|---|---|---|---|---|---|
| Dewey Decimal Classification | Non-fiction | Asiatic Society Library | Asiatic Society Library | Liberation War Collection | 09/19/2020 | ASB Collection | 954.9205 SHM | 101286 | 09/19/2020 | C-1 | 09/19/2020 | Books |